000 00642nam a2200229Ia 4500
003 GCL
008 140319s9999 xx 000 0 ara d
040 _aGCL /
_cGCL
082 0 4 _aق
_b920.71
_bم ق
100 1 _aمحمد عمارة
245 1 0 _aقاسم امين - الاعمال الكاملة /
_cمحمد عمارة
260 _a[S.N] :
_bدار الشروق ،
_c1989
300 _a559
490 _a
650 0 4 _aمصر
650 0 4 _aالاحوال الاجتماعية
650 0 4 _aالمرأة
650 0 4 _aحقوق الانسان
650 0 4 _aالثقافة
650 0 4 _aحقوق المرأة
942 _2ddc
_cBK
999 _c30990
_d30990